000 00289nam a22001337a 4500
008 190227b xxu||||| |||| 00| 0 eng d
020 _a0803626606
041 _aeng
080 _a610.73
100 _a2
101 _aINF
245 _aNursing Care Plans
_cDoenges,M.E
942 _2udc
_cBK
999 _c54328
_d54328